| 000 | 00000nam##2200000za#4500 |
| 001 | 9.615606 |
| 003 | CaOODSP |
| 005 | 20201118084520 |
| 007 | ta |
| 008 | 150406|2000||||xxc||||| f|0| 0 eng|d |
| 040 | |aCaOODSP|beng |
| 043 | |an-cn--- |
| 086 | 1 |aH113-1/25-2000E |
| 110 | 1 |aCanada. |bPest Management Regulatory Agency. |
| 245 | 10|aEffective control of white grubs |
| 260 | |aOttawa - Ontario : |bHealth Canada. |c2000. |
| 490 | 1 |aPest note |
| 563 | |aPamphlet |
| 590 | |a02-09|b2002-03-01 |
| 690 | 07|aInsects|2gcpds |
| 690 | 07|aPesticides|2gcpds |
| 775 | 08|tLutte efficace contre les vers blancs |w(CaOODSP)9.625659 |
| 776 | 0#|tEffective control of white grubs |w(CaOODSP)9.572569 |
| 830 | #0|aPest note.|w(CaOODSP)9.514697 |